• 首页
  • 本馆介绍
  • 公告通知
  • 最新文献
  • 馆藏检索
  • 电子资源
  • 读者导购
  • 参考咨询
  • 我的图书馆
  • 登录
  • 详细信息显示
  • 放入我的书架
  • 预约/预借图书
  • 作者相关作品
  • 分类相关作品
  • 丛书相关作品
  • 出版社相关作品

书目信息

  • 表格格式
  • 工作单格式
  • 卡片格式
题名:
国际商务谈判
    
 
作者: 宋格兰 主编
分册:  
出版信息: 北京   高等教育出版社  2009
页数: 298页
开本: 25cm
丛书名:
单 册:
中图分类: H31
科图分类:
主题词: 国际贸易--贸易谈判--英语--高等教材--教材 , 国际贸易 , 贸易谈判
电子资源:
ISBN: 978-7-04-024793-0
000 00929nam0 2200265 45
005 20100303154852.56
010    @a978-7-04-024793-0@dCNY32.00
100    @a20100120d2009 em y0chiy0120 ea
101 0  @achi@aeng@eeng
102    @aCN@b110000
105    @ay z 000yy
106    @ar
200 1  @a国际商务谈判@AGuo Ji Shang Wu Tan Pan@dInternational Business Negotiations@f宋格兰主编@FSong Ge Lan Zhu Bian@zeng
210    @a北京@c高等教育出版社@d2009
215    @a298页@d25cm
300    @a普通高等教育“十一五”国家级规划教材
330    @a全书分为四部分,共十五章,包括商务谈判阶段、商务谈判类型、谈判的其他方面和谈判中的文化因素。
510 1  @aInternational Business Negotiations@zeng
606 0  @a国际贸易@x贸易谈判@x英语@x高等教材@j教材
606 0  @a国际贸易
606 0  @a贸易谈判
690    @aH31@v4
701  0 @a宋格兰@ASong Ge Lan@4主编
801  0 @aCN@bTANGWEI@c20100303
905    @b0584504-06@dH31@e1466@f3
    
    国际商务谈判=International Business Negotiations/宋格兰主编.-北京:高等教育出版社,2009
    298页;25cm
    普通高等教育“十一五”国家级规划教材
    
    ISBN 978-7-04-024793-0:CNY32.00
    全书分为四部分,共十五章,包括商务谈判阶段、商务谈判类型、谈判的其他方面和谈判中的文化因素。
●
相关链接 在E读中查询图书 在五车中查询图书 在当当中查询图书 在豆瓣中查询图书


正题名:国际商务谈判     索取号:H31/1466         预约/预借

序号 登录号 条形码 馆藏地/架位号 状态 备注
1 0584504   205845040   第二样本阅览室/ [索取号:H31/1466] 在馆    
2 0584505   205845059   第四借阅区/ [索取号:H31/1466] 在馆    
3 0584506   205845068   第四借阅区/ [索取号:H31/1466] 在馆    
唐山师范学院图书馆 欢迎您!
大连网信软件有限公司© 版权所有